| 000 | 00412nam a22001451 4500 | ||
|---|---|---|---|
| 082 | 0 | 0 |
_a621.4021 _bSOR |
| 100 | 1 |
_aSorensen, Harry A. _941750 |
|
| 245 | 1 | 0 | _aPrinciples of thermodynamics. |
| 260 |
_aNew York, _bHolt, Rinehart and Winston _c[1961] |
||
| 300 |
_a546 p. _billus. _c25 cm. |
||
| 526 |
_a0 _b0 _c0 _d621_402100000000000_SOR |
||
| 650 | 0 |
_aMCE _9379 |
|
| 650 | 0 |
_aThermodynamics. _97134 |
|
| 942 |
_2ddc _cBK |
||
| 999 |
_c545792 _d545792 |
||